000 00526nam a22001817a 4500
005 20241102150319.0
008 241102b |||||||| |||| 00| 0 eng d
020 _a9780073222950
050 _aHB172.5
_b.C638 COL
100 _aColander David C.
245 _aMacroeconomics/
_cDavid C. Colander
250 _a6th Ed.
260 _aBoston
_bMcGraw Hill/Irwin
_c2006
300 _axxiv. 497p (various paging);
_bill. color;
_c25cm x 21.5cm
500 _aIncludes Index
650 _2Macroeconomics
942 _2lcc
_cBK
_e6th Ed.
_n0
999 _c565
_d565